Mountains in Logos - Statistics

General Stats
  • This quiz has been taken 30 times
  • The average score is 8 of 12
Answer Stats
Picture Answer % Correct
Paramount
92%
Coors Light
88%
Evian
88%
Colorado Rockies
72%
Toblerone
72%
Colorado Avalanche
68%
Denver Nuggets
64%
National Park Service
56%
Busch Light
52%
Prudential
52%
Aquafina
44%
Colorado Rapids
36%
No matching quizzes found
Score Distribution
Percent of People with Each Score
Percentile by Number Answered
Your Score History
You have not taken this quiz